Homologación del cálculo de demanda sísmica para Costa Rica con el manual de cargas mínimas para edificios y otras estructuras de la Sociedad Americana de Ingenieros Civiles 2010: ASCE-07-2010
Guardado en:
| 主要作者: | |
|---|---|
| 格式: | 圖書 |
| 語言: | Spanish |
| 出版: |
[San José], Costa Rica
2011
|
| 主題: | |
| 標簽: |
添加標簽
沒有標簽, 成為第一個標記此記錄!
|
MARC
| LEADER | 00000nam a2200000Ia 4500 | ||
|---|---|---|---|
| 003 | 010568 | ||
| 005 | 20221231144026.0 | ||
| 008 | 140114s2011 cr a 000 0 spa d | ||
| 040 | |c cru CEDI | ||
| 090 | |a TFG 6405 | ||
| 100 | |a Calcáneo Maduro, Felipe |9 2457 | ||
| 245 | |a Homologación del cálculo de demanda sísmica para Costa Rica con el manual de cargas mínimas para edificios y otras estructuras de la Sociedad Americana de Ingenieros Civiles 2010: ASCE-07-2010 | ||
| 260 | |c 2011 |b [San José], Costa Rica | ||
| 500 | |a Proyecto de graduación (licenciatura en ingeniería civil)--Universidad de Costa Rica. Facultad de Ingeniería. Escuela de Ingeniería Civil | ||
| 650 | |x DISEÑO DE ESTRUCTURAS |x DISEÑO SISMO RESISTENTE |x NORMAS |x MODELOS MATEMATICOS |x CONSTRUCCIONES ANTISISMICAS |x CODIGO SISMICO |x COSTA RICA |9 2458 | ||
| 942 | |c TFG | ||
| 999 | |c 15786 |d 15786 | ||
